Riconosci lo Stato da Popolazione e Superficie - Statistics

Statistiche generali
  • Questo quiz è stato fatto 14 volte
  • Il punteggio medio è 32 su 194
Statistiche sulle risposte
Nazione Continente Popolazione (ab.) Superficie (km²) % Corretto
Giappone Asia 123.426.785 377.3975
92%
Nigeria Africa 223,139,589 923.768
92%
Russia Europa / Asia 146.105.680 17.098.242
75%
Australia Oceania 25.750.198 7.703.429
67%
Cile America del Sud 20.158.310 756.950
67%
Cina Asia 1.425.639.908 9.572.900
58%
Città del Vaticano Europa 764 0,44
58%
Papua Nuova Guinea Oceania 8.935.000 432.840
58%
Regno Unito Europa 68.583.427 244.820
58%
Turchia Asia / Europa 85.136.138 780.580
58%
Bahamas America del Nord 389.000 13.943
50%
Bielorussia Europa 9.408.400 207.600
50%
Colombia America del Sud 51.956.665 1.138.910
50%
Francia Europa 65.554.051 543.965
50%
Gibuti Africa 976.107 23.000
50%
India Asia 1.429.459.726 3.287.263
50%
Italia Europa 58.860.515 302.073
50%
Paesi Bassi Europa 17.538.181 41.526
50%
Argentina America del Sud 45.741.915 2.780.272
42%
Bulgaria Europa 6.951.482 110.910
42%
Egitto Africa 106.228.202 1.001.450
42%
Germania Europa 84.305.448 357.021
42%
Kenya Africa 56.178.526 582.650
42%
Liechtenstein Europa 39.680 161
42%
Monaco Europa 39.050 1,96
42%
Portogallo Europa 10.295.909 92.931
42%
Serbia Europa 6.926.705 88.361
42%
Spagna Europa 46.789.810 504.782
42%
Ucraina Europa 43.073.720 603.700
42%
Uruguay America del Sud 3.530.912 176.220
42%
Bangladesh Asia 169.294.548 147.570
33%
Barbados America del Nord 287.025 431
33%
Brasile America del Sud 216,559,417 8.547.393
33%
Canada America del Nord 37.744.354 9.984.673
33%
Filippine Asia 112.486.101 300.000
33%
Indonesia Asia / Oceania 281.654.964 1.904.569
33%
Libia Africa 6.871.287 1.759.540
33%
Messico America del Nord 132.740.378 1.972.565
33%
Pakistan Asia 233.243.729 881.913
33%
Polonia Europa 37.847.697 313.893
33%
Repubblica Democratica del Congo Africa 102.205.878 2.345.415
33%
Seychelles Africa 107.660 455
33%
Stati Uniti America del Nord 336.390.315 9.833.517
33%
Andorra Europa 80.088 469
25%
Austria Europa 8.935.112 83.870
25%
Bahrein Asia 1.503.091 765
25%
Dominica America del Nord 73.040 755
25%
Ecuador America del Sud 17.625.048 238.560
25%
Etiopia Africa 126.788.173 1.127.127
25%
Finlandia Europa 5.504.522 338.145
25%
Grecia Europa 10.724.599 131.940
25%
Iran Asia 89.131.847 1.648.000
25%
Macedonia del Nord Europa 2.076.255 25.333
25%
Montenegro Europa 621.873 14.026
25%
Perù America del Sud 32.625.948 1.285.220
25%
Ruanda Africa 12.663.116 26.338
25%
Samoa Oceania 202.506 2.944
25%
San Marino Europa 33.847 61,3
25%
Sudafrica Africa 59,308,690 1.219.932
25%
Svezia Europa 10.373.225 528.544
25%
Tuvalu Oceania 11.409 26
25%
Venezuela America del Sud 28.435.943 912.050
25%
Afghanistan Asia 40.712.303 647.500
17%
Albania Europa 2.845.955 28.748
17%
Algeria Africa 45.936.533 2.381.741
17%
Belgio Europa 11.550.039 30.528
17%
Bosnia ed Erzegovina Europa 3.332.593 51.129
17%
Ciad Africa 16.244.513 1.284.000
17%
Cuba America del Nord 11.193.470 110.860
17%
Danimarca Europa 5.837.213 43.094
17%
Giamaica America del Nord 2.734.093 10.991
17%
Guatemala America del Nord 16.858.333 108.890
17%
Guinea Equatoriale Africa 1.454.789 28.051
17%
Guyana America del Sud 744.962 214.970
17%
Islanda Europa 368.010 102.819
17%
Kazakistan Asia / Europa 19.724.856 2.724.921
17%
Mali Africa 20.250.833 1.240.000
17%
Malta Europa 514.564 316
17%
Nauru Oceania 12.796 21,2
17%
Nicaragua America del Nord 6.527.691 129.494
17%
Norvegia Europa 5.384.576 323.830
17%
Romania Europa 19.917.984 237.516
17%
Slovacchia Europa 5.460.136 49.035
17%
Sudan Africa 45.436.533 1.886.068
17%
Thailandia Asia 70.140.396 514.000
17%
Vietnam Asia 98.622.073 329.560
17%
Antigua e Barbuda America del Nord 94.298 443
8%
Birmania Asia 55.125.507 678.500
8%
Botswana Africa 2.374.698 581.730
8%
Corea del Sud Asia 51.354.626 98.480
8%
Croazia Europa 4.058.165 56.551
8%
Estonia Europa 1.328.976 45.226
8%
Figi Oceania 889.327 18.270
8%
Gambia Africa 2.335.504 11.300
8%
Georgia Asia / Europa 3.716.858 69.700
8%
Guinea Africa 12.559.623 245.857
8%
Honduras America del Nord 9.304.380 112.090
8%
Irlanda Europa 4.977.400 70.286
8%
Kiribati Oceania 119.940 811
8%
Lussemburgo Europa 656.108 2.587
8%
Mauritania Africa 4.173.077 1.030.700
8%
Moldavia Europa 2.640.438 33.843
8%
Mongolia Asia 3.451.402 1.564.116
8%
Palau Oceania 18.057 464
8%
Paraguay America del Sud 7.252.672 406.752
8%
Repubblica Ceca Europa 10.699.142 78.866
8%
Repubblica Centrafricana Africa 5.633.412 623.004
8%
Saint Vincent e Grenadine America del Nord 103.698 389
8%
São Tomé e Príncipe Africa 210.240 1.001
8%
Sierra Leone Africa 8.100.318 71.740
8%
Singapore Asia 5.685.807 692
8%
Slovenia Europa 2.111.461 20.273
8%
Suriname America del Sud 590.100 163.270
8%
Svizzera Europa 8.632.703 41.290
8%
Tanzania Africa 59,734,218 945.090
8%
Tonga Oceania 107.773 748
8%
Ungheria Europa 9.769.526 93.030
8%
Angola Africa 31.127.674 1.246.700
0%
Arabia Saudita Asia 35.899.478 2.149.690
0%
Armenia Asia 2.967.900 29.800
0%
Azerbaigian Asia / Europa 10.095.900 86.600
0%
Belize America del Nord 419.199 22.968
0%
Benin Africa 12.114.193 112.620
0%
Bhutan Asia 748.931 47.000
0%
Bolivia America del Nord 11.633.371 1.098.580
0%
Brunei Asia 459.500 5.770
0%
Burkina Faso Africa 21.510.181 274.200
0%
Burundi Africa 12.309.600 27.830
0%
Cambogia Asia 15.288.489 181.044
0%
Camerun Africa 24.348.251 475.442
0%
Capo Verde Africa 556.857 4.033
0%
Cipro Asia 888.000 9.250
0%
Comore Africa 758.316 2.170
0%
Corea del Nord Asia 25.550.000 120.540
0%
Costa d'Avorio Africa 26.453.542 322.460
0%
Costa Rica America del Nord 5.111.238 51.110
0%
El Salvador America del Nord 6.819.956 21.040
0%
Emirati Arabi Uniti Asia 9.366.829 82.880
0%
Eritrea Africa 3.546.000 121.320
0%
eSwatini Africa 1.093.238 17.363
0%
Gabon Africa 2.176.766 267.667
0%
Ghana Africa 30.267.351 239.460
0%
Giordania Asia 10.829.672 92.300
0%
Grenada America del Nord 112.519 344
0%
Guinea-Bissau Africa 1.624.945 36.121
0%
Haiti America del Nord 11.743.017 27.750
0%
Iraq Asia 42.058.736 437.072
0%
Isole Marshall Oceania 41.996 181
0%
Isole Salomone Oceania 721.455 28.450
0%
Israele Asia 9.190.200 20.770
0%
Kirghizistan Asia 6.608.500 198.500
0%
Kuwait Asia 4.464.521 17.820
0%
Laos Asia 7.231.210 236.040
0%
Lesotho Africa 2.007.201 30.355
0%
Lettonia Europa 1.897.100 64.589
0%
Libano Asia 6.825.442 10.452
0%
Liberia Africa 4.568.298 111.370
0%
Lituania Europa 2.794.870 65.500
0%
Madagascar Africa 26.251.309 587.040
0%
Malawi Africa 18.449.828 118.480
0%
Malaysia Asia 33.191.122 330.803
0%
Maldive Asia 383.135 300
0%
Marocco Africa 36.919.089 466.550
0%
Mauritius Africa 1.266.000 2.040
0%
Mozambico Africa 30.066.648 801.590
0%
Namibia Africa 2.504.498 825.418
0%
Nepal Asia 29.996.478 147.181
0%
Niger Africa 23.196.002 1.267.000
0%
Nuova Zelanda Oceania 5.106.922 238.680
0%
Oman Asia 4.445.262 309.500
0%
Panama America del Nord 4.278.500 78.200
0%
Qatar Asia 2.717.360 11.347
0%
Repubblica del Congo Africa 5.518.092 342.000
0%
Repubblica Dominicana America del Nord 10.448.499 48.730
0%
Saint Kitts e Nevis America del Nord 47.769 261
0%
Saint Lucia America del Nord 178.696 617
0%
Senegal Africa 16.705.608 196.190
0%
Siria Asia 17.500.657 185.180
0%
Somalia Africa 15.993.209 637.657
0%
Sri Lanka Asia 21.803.000 65.610
0%
Stati Federati di Micronesia Oceania 100.319 702
0%
Sudan del Sud Africa 13.249.924 619.745
0%
Tagikistan Asia 9.313.800 143.100
0%
Timor Est Asia 1.299.412 15.007
0%
Togo Africa 7.706.000 56.785
0%
Trinidad e Tobago America del Nord 1.366.725 5.128
0%
Tunisia Africa 11.708.370 163.610
0%
Turkmenistan Asia 6.431.187 491.210
0%
Uganda Africa 45.744.182 236.800
0%
Uzbekistan Asia 34.438.040 447.437
0%
Vanuatu Oceania 300.019 12.189
0%
Yemen Asia 29.825.968 527.970
0%
Zambia Africa 17.885.422 752.614
0%
Zimbabwe Africa 15.473.818 390.580
0%
Nessun quiz corrispondente trovato
Distribuzione punteggi
Percentuale di utenti per punteggio
Percentile per numero di risposta
I tuoi punteggi nel tempo
Non hai fatto questo quiz